Engineering Graphics Essentials /
Gespeichert in:
| 1. Verfasser: | |
|---|---|
| Format: | Buch |
| Sprache: | Englisch |
| Veröffentlicht: |
Mission
SDC publications
2010
|
| Ausgabe: | 4. vyd. |
| Schlagworte: | |
| Tags: |
Keine Tags, Fügen Sie das erste Tag hinzu!
|
MARC
| LEADER | 00000nam a22000003a 4500 | ||
|---|---|---|---|
| 001 | 0010909 | ||
| 003 | SK-STU | ||
| 005 | 20160108130717.0 | ||
| 007 | ta | ||
| 008 | 160108s ----xo-----e------000-0-----d | ||
| 020 | |a 978-1-58503-610-3 | ||
| 040 | |a STU |b slo | ||
| 041 | 0 | |a eng |h eng | |
| 100 | 1 | |a Plantenberg, Kirstie |4 aut | |
| 245 | 1 | 0 | |a Engineering Graphics Essentials / |c aut. Kirstie Plantenberg |
| 250 | |a 4. vyd. | ||
| 260 | |a Mission |b SDC publications |c 2010 | ||
| 300 | |a nestr. |b CD | ||
| 650 | 0 | 7 | |a technické meranie |
| 650 | 0 | 7 | |a grafika počítačová |
| 996 | |b 284J044541 |c J* 117823 |l JJSK |s A |a 24 |w 0010909_0001 | ||
| 996 | |b 284J044540 |c J* 117822 |l JJST |s P |a 0 |w 0010909_0002 | ||